| 000 | 00918caa a22002537a 4500 | ||
|---|---|---|---|
| 999 |
_c421479 _d421479 |
||
| 001 | 132901 | ||
| 003 | UA-OsUOA | ||
| 005 | 20200104231919.0 | ||
| 007 | ta | ||
| 008 | 20180914b un ||||| |||| 00| 0 ukr d | ||
| 040 |
_aUA-OsUOA _brus _cUA-OsUOA _dUA-OsUOA |
||
| 041 | _arus | ||
| 080 | _a908 | ||
| 090 |
_a908 _bВ12 |
||
| 100 | _aВадашенко М. | ||
| 245 |
_aКоллекция старопечатных изданий кирилловского шрифта в Музее Ивана Федорова во Львове _cМ. Вадашенко, И. Мыцко |
||
| 300 | _aС.208–214 | ||
| 650 | 7 |
_a908 Краєзнавство _2UDC |
|
| 700 | _aМыцко И. | ||
| 773 | 0 |
_0374904 _9397436 _dМ. Наука 1985 _o72281 _tФедоровские чтения 1981 _w(UA-OsUOA) 87933 |
|
| 942 |
_cBKA _2udc |
||
| 955 | _a1 | ||